Benchmarking the management of operations and information systems

Bibliographic Details
Corporate Author: ProQuest (Firm)
Other Authors: Koh, Siau Ching Lenny., Saad, S. M.
Format: Electronic eBook
Language:English
Published: Bradford, England : Emerald Group Publishing, c2007.
Series:Benchmarking, an international journal ; 14, no. 1
Subjects:
Online Access:Click to View
LEADER 01285nam a2200337Ia 4500
001 EBC291554
003 MiAaPQ
005 20200520144314.0
006 m o d |
007 cr cn|||||||||
008 000815s2007 enk s 000 0 eng d
020 |z 9781846633829 
035 |a (MiAaPQ)EBC291554 
035 |a (Au-PeEL)EBL291554 
035 |a (CaPaEBR)ebr10172225 
035 |a (CaONFJC)MIL84742 
035 |a (OCoLC)182530864 
040 |a MiAaPQ  |c MiAaPQ  |d MiAaPQ 
050 4 |a HD62.15  |b .B46 2007 
245 0 0 |a Benchmarking the management of operations and information systems  |h [electronic resource] /  |c guest editor Siau Ching Lenny Koh and S.M. Saad. 
260 |a Bradford, England :  |b Emerald Group Publishing,  |c c2007. 
300 |a 155 p. 
490 0 |a Benchmarking, an international journal ;  |v 14, no. 1 
533 |a Electronic reproduction. Ann Arbor, MI : ProQuest, 2015. Available via World Wide Web. Access may be limited to ProQuest affiliated libraries. 
650 0 |a Benchmarking (Management) 
650 0 |a Total quality management. 
655 4 |a Electronic books. 
700 1 |a Koh, Siau Ching Lenny. 
700 1 |a Saad, S. M. 
710 2 |a ProQuest (Firm) 
856 4 0 |u https://ebookcentral.proquest.com/lib/matrademy/detail.action?docID=291554  |z Click to View